000 01271nam2a2200277 4500
001 RU\NLR\bibl\1358419
005 20250615183056.0
010 _a978-5-999-29-0021-7
_9150
021 _aRU
_b2009-14708
_9872
035 _a(NLR Aleph) 001350607
090 _a918419
_c918419
100 _a20090420d2008 |||y0rusy50 ca
101 0 _arus
102 _aRU
105 _ay |||||||||
200 1 _a[Т]
_fФедер. агентство по образованию, ГОУ ВПО "Орлов. гос. ун-т"
_g[сост.: к.филол.н., доц. Васильченко С.М.]
210 _d2008
_aБ. м.
215 _a202 с.
461 0 _1001RU\NLR\bibl\1193594
_12001#$aСловарь орловских говоров$vВып. 15
_91652084
_cОрел
_d1996
_fМ-во образования Рос. Федерации, Орлов. гос. пед. ун-т
_nОрловский государственный педагогический университет
_tСловарь орловских говоров
_vВып. 15
702 1 _aВасильченко
_bС. М.
_gСветлана Матвеевна
_4220
801 0 _aRU
_bNLR
_c20090420
_gRCR
801 1 _aRU
_bNLR
_c20090420
830 _aсост. по кн.
942 _cBOOK
980 _aNB